[Event "Olympiad Women-43"]
[Site "Batumi"]
[Date "2018.10.03"]
[Round "9.4"]
[White "Blond Hanten, Elsa"]
[Black "Hng, Mei Xian Eunice"]
[Result "1-0"]
[WhiteElo "1635"]
[BlackElo "1687"]
[PlyCount "79"]
[EventDate "2018.09.24"]
[EventType "team-swiss"]
[EventRounds "11"]
[EventCountry "GEO"]
[SourceTitle "EXT 2020"]
[Source "ChessBase"]
[SourceDate "2019.10.17"]
[SourceVersion "1"]
[SourceVersionDate "2019.10.17"]
[SourceQuality "1"]
[WhiteTeam "Luxembourg (W)"]
[BlackTeam "Singapore (W)"]
[WhiteTeamCountry "LUX"]
[BlackTeamCountry "SIN"]

1. e4 c5 2. Nf3 e6 3. c3 Nf6 4. e5 Nd5 5. d4 Nc6 6. c4 Ndb4 7. dxc5 a5 8. Nc3 Bxc5 9. a3 Na6 10. Nb5 0-0 11. Bd3 f6 12. exf6 Qxf6 13. 0-0 h6 14. Re1 b6 15. Rb1 Bb7 16. Be4 Rad8 17. b3 Qf7 18. Nd6 Bxd6 19. Qxd6 Nc5 20. Bc2 Rc8 21. b4 axb4 22. axb4 Nxb4 23. Rxb4 Bxf3 24. gxf3 Qxf3 25. Qg3 Qc6 26. Bxh6 Rf7 27. Be3 Ne4 28. Qh4 Nf6 29. Bg6 Rff8 30. Bxb6 Qd6 31. Reb1 Ra8 32. Bd4 e5 33. c5 Qd5 34. Be3 Ra6 35. Bg5 Rc8 36. Rb8 Ra8 37. Rxc8+ Rxc8 38. Bxf6 gxf6 39. Qh7+ Kf8 40. Qh8+ 1-0

[Event "Olympiad Women-43"]
[Site "Batumi"]
[Date "2018.10.01"]
[Round "7.17"]
[White "Sikorova, Olga"]
[Black "Blond Hanten, Elsa"]
[Result "1-0"]
[WhiteElo "2276"]
[BlackElo "1635"]
[PlyCount "101"]
[EventDate "2018.09.24"]
[EventType "team-swiss"]
[EventRounds "11"]
[EventCountry "GEO"]
[SourceTitle "EXT 2020"]
[Source "ChessBase"]
[SourceDate "2019.10.17"]
[SourceVersion "1"]
[SourceVersionDate "2019.10.17"]
[SourceQuality "1"]
[WhiteTeam "Czech Republic (W)"]
[BlackTeam "Luxembourg (W)"]
[WhiteTeamCountry "CZE"]
[BlackTeamCountry "LUX"]

1. c4 Nf6 2. Nc3 d5 3. cxd5 Nxd5 4. g3 g6 5. Bg2 Nb6 6. d3 Bg7 7. Be3 Nc6 8. Bxc6+ bxc6 9. Qc1 h6 10. h3 Be6 11. Kf1 Nd5 12. Bd2 Rb8 13. Nf3 Qd7 14. Kg2 g5 15. Na4 Qd6 16. a3 Bd7 17. Rb1 0-0 18. e4 Nb6 19. Bb4 Qf6 20. Bc3 Qd6 21. Bb4 Qf6 22. Nc5 Bxh3+ 23. Rxh3 g4 24. Rh2 Qxf3+ 25. Kg1 Qf6 26. Bd2 Kh7 27. b4 Rfd8 28. Rb3 Nd7 29. Bg5 Qd6 30. Bf4 Ne5 31. Bxe5 Qxe5 32. Rh4 h5 33. Qc4 e6 34. Qa6 Bf8 35. Nb7 Rdc8 36. Qxc6 Be7 37. Rh1 Kg6 38. Na5 Bf6 39. Nc4 Qd4 40. Kg2 Be5 41. Nxe5+ Qxe5 42. Qc3 Qb5 43. d4 Qb7 44. Qe3 Rd8 45. f3 f5 46. exf5+ exf5 47. Qe6+ Kg7 48. Rxh5 Qd5 49. Rg5+ Kh7 50. Qg6+ Kh8 51. Qg7# 1-0

[Event "Wch U16 Girls"]
[Site "Montevideo"]
[Date "2017.09.19"]
[Round "4"]
[White "Ozbay, Ece"]
[Black "Blond Hanten, Elsa"]
[Result "1-0"]
[WhiteElo "1998"]
[BlackElo "1732"]
[PlyCount "73"]
[EventDate "2017.09.17"]
[EventType "swiss"]
[EventRounds "11"]
[EventCountry "URU"]
[SourceTitle "CBM 180 Extra"]
[Source "ChessBase"]
[SourceDate "2017.10.06"]
[SourceVersion "1"]
[SourceVersionDate "2017.10.06"]
[SourceQuality "1"]

1. e4 e5 2. Nf3 Nc6 3. Bb5 Bc5 4. c3 f5 5. Bxc6 dxc6 6. Nxe5 Qh4 7. d4 Qxe4+ 8. Qe2 Qxe2+ 9. Kxe2 Bd6 10. Re1 Nf6 11. f4 0-0 12. c4 c5 13. d5 Re8 14. Kf1 Ne4 15. Nd3 Bd7 16. Nd2 Re7 17. Nf3 c6 18. dxc6 Bxc6 19. Be3 b6 20. Rad1 Rae8 21. Nde5 Bb7 22. Rd3 Ba6 23. b3 b5 24. Kg1 bxc4 25. bxc4 Bxe5 26. Nxe5 g5 27. Ra3 Re6 28. Rd1 g4 29. Rd7 Rb8 30. Kf1 Reb6 31. Ke2 Ra8 32. Kd3 Bb7 33. Rb3 Ba6 34. Rc7 Rab8 35. Kc2 Rb4 36. Bxc5 Bxc4 37. Rxb4 1-0

[Event "Olympiad Women-42"]
[Site "Baku"]
[Date "2016.09.09"]
[Round "7.4"]
[White "Blond Hanten, Elsa"]
[Black "Motycakova, Monika"]
[Result "0-1"]
[WhiteElo "1745"]
[BlackElo "2109"]
[PlyCount "60"]
[EventDate "2016.09.02"]
[EventType "team-swiss"]
[EventRounds "11"]
[EventCountry "AZE"]
[SourceTitle "CBM 174 Extra"]
[Source "ChessBase"]
[SourceDate "2016.10.10"]
[SourceVersion "1"]
[SourceVersionDate "2016.10.10"]
[SourceQuality "1"]
[WhiteTeam "Luxembourg (W)"]
[BlackTeam "Slovakia (W)"]
[WhiteTeamCountry "LUX"]
[BlackTeamCountry "SVK"]

1. e4 c5 2. Nf3 d6 3. d4 cxd4 4. Nxd4 Nf6 5. Nc3 a6 6. g3 e5 7. Nde2 Be7 8. Bg2 b5 9. h3 Nbd7 10. g4 b4 11. Nd5 Nxd5 12. exd5 a5 13. Ng3 Ba6 14. a3 0-0 15. axb4 axb4 16. Bd2 b3 17. cxb3 Nc5 18. Be4 Bh4 19. b4 Nxe4 20. Nxe4 f5 21. gxf5 Rxf5 22. Qg4 Bd3 23. Ra3 Rxa3 24. bxa3 Bxe4 25. Qxe4 Rxf2 26. Kd1 Bg5 27. Be3 Ra2 28. Rg1 Bxe3 29. Qxe3 Qc7 30. Ke1 Qc2 0-1

[Event "EU Union-ch U14 13th"]
[Site "Mureck"]
[Date "2015.08.09"]
[Round "5"]
[White "Bankier, Maximilian"]
[Black "Blond Hanten, Elsa"]
[Result "0-1"]
[WhiteElo "1692"]
[BlackElo "1495"]
[PlyCount "68"]
[EventDate "2015.08.05"]
[EventType "swiss"]
[EventRounds "9"]
[EventCountry "AUT"]
[SourceTitle "EXT 2016"]
[Source "ChessBase"]
[SourceDate "2015.10.08"]
[SourceVersion "1"]
[SourceVersionDate "2015.10.08"]
[SourceQuality "1"]

1. e4 e5 2. Nf3 Nc6 3. Bc4 Bc5 4. c3 Nf6 5. d3 d6 6. 0-0 Bb6 7. Bb3 Ne7 8. Nbd2 Ng6 9. Nc4 0-0 10. Bc2 Re8 11. h3 h6 12. Re1 c6 13. Qe2 Bc7 14. Ncd2 d5 15. Nf1 Nh5 16. a4 Nhf4 17. Bxf4 Nxf4 18. Qe3 Qf6 19. a5 Be6 20. Ng3 a6 21. d4 exd4 22. cxd4 dxe4 23. Qxe4 g6 24. Ra4 Kf8 25. Ne5 Kg8 26. Qe3 Bd5 27. f3 c5 28. Ne4 Bxe4 29. Qxe4 cxd4 30. Qxd4 Rxe5 31. Rd1 Ne2+ 32. Kf1 Nxd4 33. Raxd4 Bxa5 34. Rd6 Qe7 0-1

[Event "Wch U14 Girls"]
[Site "Durban"]
[Date "2014.09.28"]
[Round "10"]
[White "Simon, Tessa"]
[Black "Blond Hanten, Elsa"]
[Result "1/2-1/2"]
[WhiteElo "1688"]
[BlackElo "1436"]
[PlyCount "43"]
[EventDate "2014.09.20"]
[EventType "swiss"]
[EventRounds "11"]
[EventCountry "RSA"]
[SourceTitle "CBM 162 Extra"]
[Source "ChessBase"]
[SourceDate "2014.10.17"]
[SourceVersion "1"]
[SourceVersionDate "2014.10.17"]
[SourceQuality "1"]

1. e4 e5 2. Nf3 Nc6 3. Bb5 Bc5 4. 0-0 Qf6 5. c3 Nge7 6. d3 h6 7. Be3 Bb6 8. d4 0-0 9. Qd3 d6 10. Nbd2 a6 11. Ba4 Ba7 12. Bd1 Ng6 13. h3 Nf4 14. Bxf4 Qxf4 15. d5 Ne7 16. Nh2 Ng6 17. g3 Qg5 18. Ng4 Bxg4 19. Bxg4 Qf6 20. Kg2 b5 21. Nf3 Bb6 22. Qd2 1/2-1/2

[Event "Wch U14 Girls"]
[Site "Durban"]
[Date "2014.09.27"]
[Round "9"]
[White "Blond Hanten, Elsa"]
[Black "Kalbani, Wadeema"]
[Result "1/2-1/2"]
[WhiteElo "1436"]
[BlackElo "1537"]
[PlyCount "79"]
[EventDate "2014.09.20"]
[EventType "swiss"]
[EventRounds "11"]
[EventCountry "RSA"]
[SourceTitle "CBM 162 Extra"]
[Source "ChessBase"]
[SourceDate "2014.10.17"]
[SourceVersion "1"]
[SourceVersionDate "2014.10.17"]
[SourceQuality "1"]

1. e4 e5 2. Nf3 Nc6 3. Bc4 Nf6 4. d3 h6 5. Nc3 d6 6. h3 g6 7. Be3 Bg7 8. Qd2 Be6 9. Bb3 Qd7 10. Nd5 Bxd5 11. exd5 Ne7 12. c4 Nf5 13. Rb1 0-0 14. Kd1 e4 15. Nd4 Rfe8 16. Kc2 Nxe3+ 17. Qxe3 c5 18. Nb5 a6 19. Nc3 Qf5 20. Rhf1 exd3+ 21. Qxd3 Qxd3+ 22. Kxd3 Re5 23. f4 Re7 24. Ba4 Nd7 25. Rbe1 Rae8 26. Re2 Rxe2 27. Nxe2 Re7 28. Nc3 Bd4 29. Rf3 Nf6 30. Bc2 Re1 31. b3 Re7 32. Ne2 Bb2 33. Nc3 Bxc3 34. Kxc3 Re2 35. g4 Kf8 36. Kd3 Re7 37. Re3 Rxe3+ 38. Kxe3 Ke7 39. f5 g5 40. Kf3 1/2-1/2

[Event "Wch U14 Girls"]
[Site "Durban"]
[Date "2014.09.22"]
[Round "4"]
[White "Rogozenco, Teodora Nana"]
[Black "Blond Hanten, Elsa"]
[Result "1-0"]
[WhiteElo "1974"]
[BlackElo "1436"]
[PlyCount "63"]
[EventDate "2014.09.20"]
[EventType "swiss"]
[EventRounds "11"]
[EventCountry "RSA"]
[SourceTitle "CBM 162 Extra"]
[Source "ChessBase"]
[SourceDate "2014.10.17"]
[SourceVersion "1"]
[SourceVersionDate "2014.10.17"]
[SourceQuality "1"]

1. d4 Nf6 2. Nf3 g6 3. Bf4 Bg7 4. e3 0-0 5. h3 d5 6. Bd3 Nbd7 7. 0-0 c5 8. c3 Re8 9. Bh2 a6 10. a4 b6 11. Nbd2 Bb7 12. b4 c4 13. Bc2 e6 14. Qe2 Bf8 15. Ne5 Bd6 16. e4 Qc7 17. f4 Nxe4 18. Bxe4 Bxe5 19. fxe5 dxe4 20. Nxc4 Rf8 21. Nd6 Rab8 22. Qe3 Ra8 23. Bf4 f5 24. exf6 Rxf6 25. Nxe4 Qc6 26. Nxf6+ Nxf6 27. Rf2 Ne4 28. Rf3 Rc8 29. Raf1 Qxc3 30. Qxc3 Rxc3 31. Rxc3 Nxc3 32. Bh6 1-0

[Event "Olympiad Women-41"]
[Site "Tromsoe"]
[Date "2014.08.10"]
[Round "8.4"]
[White "Blond Hanten, Elsa"]
[Black "Kaydanovich, Marina"]
[Result "0-1"]
[WhiteElo "1441"]
[BlackElo "1851"]
[PlyCount "86"]
[EventDate "2014.08.02"]
[EventType "team-swiss"]
[EventRounds "11"]
[EventCountry "NOR"]
[SourceTitle "CBM 162"]
[Source "ChessBase"]
[SourceDate "2014.09.17"]
[SourceVersion "1"]
[SourceVersionDate "2014.09.17"]
[SourceQuality "1"]
[WhiteTeam "Luxembourg (W)"]
[BlackTeam "IPCA (W)"]
[WhiteTeamCountry "LUX"]

1. e4 e5 2. Nf3 Nc6 3. Bc4 Bc5 4. c3 Nf6 5. d4 exd4 6. cxd4 Bb4+ 7. Bd2 Bxd2+ 8. Nbxd2 d5 9. exd5 Nxd5 10. 0-0 0-0 11. Rc1 Bg4 12. h3 Bh5 13. Bxd5 Qxd5 14. Rc5 Bxf3 15. Rxd5 Bxd1 16. Rxd1 Rad8 17. Rxd8 Rxd8 18. Nb3 Nb4 19. a3 Nd5 20. Na5 Rb8 21. Re1 Kf8 22. g3 a6 23. Kg2 f6 24. f4 b6 25. Nc4 Re8 26. Rxe8+ Kxe8 27. Kf3 Kd7 28. Ke4 c6 29. g4 a5 30. h4 a4 31. Ne3 Nxe3 32. Kxe3 Kd6 33. Ke4 Ke6 34. f5+ Kd6 35. Ke3 Kd5 36. Kd3 h6 37. h5 b5 38. Kc3 Ke4 39. b3 axb3 40. Kxb3 Kxd4 41. Kb4 Kd5 42. Kc3 c5 43. Kb3 Ke5 0-1

[Event "Wch U12 Girls"]
[Site "Al Ain"]
[Date "2013.12.23"]
[Round "7"]
[White "Blond Hanten, Elsa"]
[Black "Palakollu, Samritha"]
[Result "1/2-1/2"]
[WhiteElo "1436"]
[BlackElo "1654"]
[PlyCount "89"]
[EventDate "2013.12.18"]
[EventType "swiss"]
[EventRounds "11"]
[EventCountry "UAE"]
[SourceTitle "CBM 158 Extra"]
[Source "ChessBase"]
[SourceDate "2014.02.28"]
[SourceVersion "1"]
[SourceVersionDate "2014.02.28"]
[SourceQuality "1"]

1. e4 e5 2. Nf3 Nc6 3. Bc4 Bc5 4. c3 Nf6 5. d4 exd4 6. cxd4 Bb4+ 7. Bd2 Bxd2+ 8. Nbxd2 d5 9. exd5 Nxd5 10. 0-0 0-0 11. Rc1 Nb6 12. Bb3 Bg4 13. h3 Bh5 14. Rc5 Bg6 15. Re1 Qd7 16. Qc1 Rac8 17. Qc3 Qd6 18. a4 Ne7 19. Ne5 c6 20. Ndc4 Nxc4 21. Nxc4 Qf6 22. Ne5 Rfd8 23. Re3 Nf5 24. Rf3 Qd6 25. Bxf7+ Bxf7 26. Rxf5 Be6 27. Rf4 g5 28. Re4 b6 29. Rxc6 Rxc6 30. Qxc6 Qxc6 31. Nxc6 Bd5 32. Ne7+ Kf7 33. Nxd5 Rxd5 34. Kf1 Ra5 35. b3 a6 36. Ke2 Rd5 37. Ke3 Kf6 38. f4 h6 39. Re5 gxf4+ 40. Kxf4 Rxd4+ 41. Re4 Rd3 42. Re3 Rd4+ 43. Re4 Rd3 44. Re3 Rd4+ 45. Re4 1/2-1/2

[Event "EU Union-ch U12"]
[Site "Malenovice"]
[Date "2013.09.02"]
[Round "6"]
[White "Ferkova, Dominika"]
[Black "Blond Hanten, Elsa"]
[Result "1-0"]
[WhiteElo "1585"]
[BlackElo "1467"]
[PlyCount "35"]
[EventDate "2013.08.28"]
[EventType "swiss"]
[EventRounds "9"]
[EventCountry "CZE"]
[SourceTitle "CBM 156 Extra"]
[Source "ChessBase"]
[SourceDate "2013.10.22"]
[SourceVersion "1"]
[SourceVersionDate "2013.10.22"]
[SourceQuality "1"]

1. d4 Nf6 2. c4 g6 3. Nc3 d5 4. Nf3 Bg7 5. Bg5 dxc4 6. e4 0-0 7. Bxc4 b6 8. 0-0 Bb7 9. Re1 Qc8 10. e5 Nfd7 11. Bxe7 Re8 12. Bg5 c5 13. e6 fxe6 14. Bxe6+ Kh8 15. d5 Ba6 16. Ne5 Qb7 17. Nf7+ Kg8 18. Nd6+ 1-0